00519 2200193 4500001002100000005001500021035002000036245005900056100002000115250000600135300003500141260003800176082001200214084001800226020002200244650002500266990001700291990001700308INLIS00000000000031920181002031003 a0010-10180000091 aSeri Cerita Nabi dan Rasul :bYusuf /cTim Al Maktabah0 aTim Al Maktabah a- aiv, 44 hlm. :bilus. ;c25 cm. aSurabaya :bCV Al Maktabah,c2008 a297.265 a297.265 TIM s a978-979-0409-98-9 aKisah Nabi dan Rasul a01335/P/2018 a01336/P/2018